000 00558nam a2200193 i 4500
001 bg
100 1 _aJavorskij, Boris Mihajlovič.
245 0 0 _aKurs fizyki.
_nT. 3,
_pProcesy falowe. Optyka. Fizyka atomowa i jądrowa /
_cB. Jaworski, A. Dietław.
250 _aWyd. 7.
260 _aWarszawa :
_bPańst. Wydaw. Naukowe,
_c1984.
650 9 _aFizyka
655 _aPodręczniki akademickie
700 1 _aDetlaf, Andrej Antonovič.
040 _cBPK
041 _apol
080 _a53(075.8)
942 _cKS
008 s pl f |000 0 pol
999 _c1141
_d1141
856 _uhttp://koha.tu.koszalin.pl/cgi-bin/koha/opac-detail.pl?biblionumber=1141
_yKatalog online BPK